000 00410nam a2200133Ia 4500
008 100122s9999 xx 000 0 und d
082 _b37290
_a822
100 _aसावरकर विनायक दामोदर
245 _aउ:शाप ( क.क्र.26/4 )
300 _a156
630 _aउ:शाप ( क.क्र.26/4 )
730 _aउ:शाप ( क.क्र.26/4 )
942 _cBOOK
999 _c419750
_d419747